| 000 | 00671nam a2200253Ia 4500 | ||
|---|---|---|---|
| 003 | OSt | ||
| 005 | 20221005070056.0 | ||
| 006 | a|||||r|||| 00| 0 | ||
| 007 | ta | ||
| 008 | 221004b |||||||| |||| 00| 0 guj d | ||
| 024 | _a40715 | ||
| 037 | _cTextual | ||
| 040 |
_aCRL _cCRL _bguj |
||
| 041 |
_2guj _aguj |
||
| 082 | _aO156,3NRU,1, L0 | ||
| 100 |
_aMutraraj Au. _9605265 |
||
| 245 | 0 | _aJarvau Jarvatu Nayi | |
| 260 |
_aMumbai _bPardeep Parkashan India _c1970 |
||
| 300 |
_a192p. _ccm. |
||
| 650 | _a GUJRATI LITERATURE | ||
| 650 | _aGUJRATI FICTION | ||
| 942 |
_hO156,3NRU,1, L0 _cTEXL _2cc |
||
| 999 |
_c975611 _d975611 |
||